[Event "World Rapid 2023"]
[Site "Samarkand UZB"]
[Date "2023.12.28"]
[EventDate "2023.12.26"]
[Round "10.70"]
[Result "1-0"]
[White "Klementy Sychev"]
[Black "Jakub Seemann"]
[WhiteElo "2542"]
[BlackElo "2441"]
[PlyCount "68"]

1. e4 c5 2. Nc3 Nc6 3. Nf3 d6 4. d4 cxd4 5. Nxd4 e5 6. Ndb5 a6 7. Na3 Be7 8. Nc4
b5 9. Ne3 Nf6 10. Bd3 Nb4 11. O-O O-O 12. a3 Nxd3 13. Qxd3 Be6 14. Rd1 Rc8 15.
Bd2 Qd7 16. Be1 Rc5 17. f3 Nh5 18. Ncd5 Bg5 19. Bf2 a5 20. b4 axb4 21. axb4 Rc6
22. Qxb5 Nf4 23. Kh1 Nxd5 24. exd5 Rc3 25. Qe2 Bf5 26. Nxf5 Qxf5 27. Rd3 Rc4 28.
b5 e4 29. Rb3 Qxd5 30. Rd1 exf3 31. Rxd5 fxe2 32. Rxg5 Rd4 33. Rxg7+ Kh8 34.
Rg8+ 1-0

[Event "World Rapid 2023"]
[Site "Samarkand UZB"]
[Date "2023.12.28"]
[EventDate "2023.12.26"]
[Round "10.71"]
[Result "1/2-1/2"]
[White "Ilia Iljiushenok"]
[Black "Arystan Isanzhulov"]
[WhiteElo "2547"]
[BlackElo "2407"]
[PlyCount "74"]

1. d4 Nf6 2. c4 e6 3. Nf3 d5 4. g3 dxc4 5. Bg2 Nc6 6. Qa4 Bb4+ 7. Bd2 Nd5 8. Qc2
O-O 9. Qxc4 Nb6 10. Qc1 Bxd2+ 11. Qxd2 e5 12. dxe5 Qe7 13. Qf4 Re8 14. Nc3 Nxe5
15. Nxe5 Qxe5 16. Qxe5 Rxe5 17. O-O-O Re8 18. Rd4 c6 19. Rhd1 Be6 20. e4 f6 21.
f4 Kf8 22. b3 Ke7 23. Na4 Nxa4 24. Rxa4 Bg4 25. Rd2 Red8 26. Rad4 Rxd4 27. Rxd4
Be6 28. Bf1 g5 29. Kd2 a5 30. Bc4 Bxc4 31. Rxc4 gxf4 32. gxf4 Rg8 33. Rc2 Rg1
34. Ke3 Ra1 35. Kd4 Rf1 36. Ke3 Ra1 37. Kd4 Rf1 1/2-1/2

[Event "World Rapid 2023"]
[Site "Samarkand UZB"]
[Date "2023.12.28"]
[EventDate "2023.12.26"]
[Round "10.72"]
[Result "0-1"]
[White "Danis Kuandykuly"]
[Black "Elham Amar"]
[WhiteElo "2095"]
[BlackElo "2555"]
[PlyCount "132"]

1. e4 c5 2. Nf3 Nc6 3. d4 cxd4 4. Nxd4 e5 5. Nb5 d6 6. N1c3 a6 7. Na3 Be6 8. Nc4
Rb8 9. Nd5 Bxd5 10. exd5 Nce7 11. Be2 Nf6 12. Ne3 g6 13. O-O Bh6 14. c4 O-O 15.
b4 Nd7 16. Ba3 b6 17. Rc1 Nf5 18. Qd3 Nd4 19. Bb2 Bg7 20. Bxd4 exd4 21. Nc2 Re8
22. Rfe1 Qf6 23. Bf1 h5 24. Rcd1 Ne5 25. Qb3 Ng4 26. Qg3 Bh6 27. h3 Bf4 28. Qf3
d3 29. Na1 Rxe1 30. Rxe1 d2 31. Rb1 Bh2+ 32. Kh1 Qxf3 33. gxf3 d1=Q 34. Rxd1
Nxf2+ 35. Kxh2 Nxd1 36. Nc2 Re8 37. Bd3 Nb2 38. Bf1 h4 39. Kg1 Kg7 40. c5 bxc5
41. bxc5 dxc5 42. Bxa6 Rd8 43. Ne3 Na4 44. Bb7 Nb6 45. Bc6 c4 46. Kf2 f5 47. f4
g5 48. fxg5 Kg6 49. Kf3 Kxg5 50. a4 c3 51. a5 Nxd5 52. Nc2 Nc7 53. Ke3 Rd2 54.
Ba4 Kf6 55. Ne1 Ra2 56. Bc2 Rxa5 57. Nf3 Ra2 58. Bd3 f4+ 59. Kxf4 c2 60. Bxc2
Rxc2 61. Nxh4 Rc4+ 62. Kg3 Ra4 63. Nf3 Ne6 64. h4 Kf5 65. Nh2 Ra3+ 66. Nf3 Nd4 0-1

[Event "World Rapid 2023"]
[Site "Samarkand UZB"]
[Date "2023.12.28"]
[EventDate "2023.12.26"]
[Round "10.73"]
[Result "1-0"]
[White "Stepan Zilka"]
[Black "Faustino Oro"]
[WhiteElo "2615"]
[BlackElo "2357"]
[PlyCount "84"]

1. d4 Nf6 2. c4 e6 3. Nf3 b6 4. g3 Bb7 5. Bg2 Bb4+ 6. Bd2 Bxd2+ 7. Qxd2 O-O 8.
Nc3 d6 9. O-O Nbd7 10. d5 e5 11. e4 a5 12. Nh4 Nc5 13. Nf5 Bc8 14. Ne3 Qe7 15.
b3 Ng4 16. Nxg4 Bxg4 17. Rae1 Rae8 18. Kh1 Bd7 19. f4 g6 20. f5 f6 21. g4 Qg7
22. Re3 Kh8 23. Rg3 gxf5 24. gxf5 Qf7 25. Bf3 Rg8 26. Rfg1 Rxg3 27. Rxg3 Rg8 28.
Ne2 Be8 29. Qe3 b5 30. Rxg8+ Kxg8 31. Ng3 bxc4 32. bxc4 Qg7 33. Bh5 Ba4 34. h4
Bc2 35. Kh2 Bd3 36. Be2 Bxe2 37. Qxe2 Qh6 38. Kh3 Kf7 39. Qe1 a4 40. Qa5 Ke7 41.
Qxc7+ Nd7 42. c5 1-0

[Event "World Rapid 2023"]
[Site "Samarkand UZB"]
[Date "2023.12.28"]
[EventDate "2023.12.26"]
[Round "10.74"]
[Result "1-0"]
[White "Giovanni Vescovi"]
[Black "Sinisa Drazic"]
[WhiteElo "2584"]
[BlackElo "2264"]
[PlyCount "114"]

1. Nf3 Nf6 2. d4 d5 3. c4 dxc4 4. e3 Be6 5. Nc3 c6 6. Ng5 Qc8 7. Be2 g6 8. O-O
Bg7 9. a4 a5 10. e4 O-O 11. Be3 Na6 12. f3 Nb4 13. Qd2 Rd8 14. Rac1 Ne8 15. Rfd1
h6 16. Nxe6 Qxe6 17. Qe1 Nc7 18. Kh1 Nca6 19. Qf1 Nd3 20. Bxd3 cxd3 21. Qxd3 Nb4
22. Qd2 g5 23. Ne2 Qg6 24. Ng3 Rd7 25. Qf2 Rad8 26. Rd2 e6 27. Rcd1 f5 28. exf5
exf5 29. f4 g4 30. d5 Nxd5 31. Bd4 Re8 32. Bc3 Bxc3 33. bxc3 Rde7 34. Rc1 h5 35.
c4 Nf6 36. Rd6 Re6 37. Rxe6 Rxe6 38. Qc5 Ne4 39. Qxa5 Nd6 40. c5 Nf7 41. Qa8+
Kh7 42. Qxb7 h4 43. Nf1 Qf6 44. a5 Re7 45. Qb1 Re4 46. Qa1 Qe6 47. a6 Qd5 48.
Rd1 Qb3 49. Nd2 Qa4 50. Nxe4 Qxe4 51. a7 h3 52. Rg1 g3 53. a8=Q gxh2 54. Kxh2
Qxf4+ 55. Kh1 Qh4 56. g4 h2 57. Rg2 1-0

[Event "World Rapid 2023"]
[Site "Samarkand UZB"]
[Date "2023.12.28"]
[EventDate "2023.12.26"]
[Round "10.75"]
[Result "1-0"]
[White "Deshun Xiu"]
[Black "Khumoyun Begmuratov"]
[WhiteElo "2510"]
[BlackElo "2371"]
[PlyCount "108"]

1. Nf3 Nf6 2. c4 e6 3. g3 b6 4. Bg2 Bb7 5. O-O Be7 6. d4 c6 7. Nc3 d5 8. Nd2
Nbd7 9. e4 dxc4 10. Nxc4 Ba6 11. b3 b5 12. Ne3 b4 13. Ne2 O-O 14. Bb2 Rc8 15.
Re1 Nb6 16. Nf4 Bb5 17. Rc1 Re8 18. Nc4 Bf8 19. Qf3 Nfd7 20. Red1 Qc7 21. Nd3
Qb8 22. h4 Red8 23. h5 h6 24. Bh3 Rc7 25. Nxb6 Nxb6 26. Ne5 a5 27. Rc2 Re8 28.
Bc1 Qd8 29. Bf4 Bd6 30. Rcd2 Qe7 31. Qg4 Kf8 32. Nxf7 Bxf4 33. Nh8 Kg8 34. Ng6
Qd8 35. Nxf4 Rce7 36. Ng6 Rd7 37. f4 c5 38. d5 exd5 39. exd5 Rd6 40. Ne5 c4 41.
Bf1 Qc7 42. Kh2 Red8 43. bxc4 Ba4 44. Re1 Nd7 45. Nxd7 Bxd7 46. Re7 Bxg4 47.
Rxc7 Bxh5 48. c5 Rf6 49. d6 Bf7 50. d7 Be6 51. c6 Bf5 52. Bh3 Bxh3 53. Kxh3 Rff8
54. Ra7 1-0

[Event "World Rapid 2023"]
[Site "Samarkand UZB"]
[Date "2023.12.28"]
[EventDate "2023.12.26"]
[Round "10.76"]
[Result "1/2-1/2"]
[White "Ramazan Zhalmakhanov"]
[Black "Arystanbek Urazayev"]
[WhiteElo "2493"]
[BlackElo "2472"]
[PlyCount "120"]

1. Nf3 d5 2. g3 Nd7 3. d4 Ngf6 4. Bg2 e6 5. O-O Be7 6. c4 c6 7. Nc3 O-O 8. Nd2
b5 9. cxb5 cxb5 10. Nxb5 Qb6 11. Nc3 Qxd4 12. Nb3 Qb4 13. Bd2 Qb7 14. e4 Nxe4
15. Nxe4 dxe4 16. Qe2 Nf6 17. Bc3 Qb6 18. Bd4 Ba6 19. Qe3 Qb4 20. Rfc1 Rfd8 21.
a3 Qa4 22. Bxf6 gxf6 23. Bxe4 Rab8 24. Rc3 Qb5 25. Qxa7 Qe2 26. Bc2 Bd6 27. Qe3
Qxe3 28. Rxe3 Be5 29. Rb1 Rbc8 30. Be4 Bb8 31. Na5 Rd6 32. b4 Ba7 33. Rf3 f5 34.
Bb7 Bxb7 35. Nxb7 Rd2 36. Na5 Rcc2 37. Rf1 Ra2 38. Nc6 Bb6 39. Ne5 Bd4 40. Nc6
Bb6 41. h3 h5 42. Ne5 Bd4 43. Nc6 Bb6 44. Ne5 Bd4 45. Nc4 Rdc2 46. Nd6 Bb6 47.
Kg2 Kf8 48. Nb5 Kg7 49. Nd6 Kf8 50. Nb5 Kg7 51. h4 Kg6 52. Nd6 Rc6 53. Rd1 Rcc2
54. Rf1 Rc6 55. Rd1 Rcc2 56. Rf1 Rc6 57. Rd1 Rcc2 58. Rf1 Rc6 59. Nb5 Rcc2 60.
Nd6 1/2-1/2

[Event "World Rapid 2023"]
[Site "Samarkand UZB"]
[Date "2023.12.28"]
[EventDate "2023.12.26"]
[Round "10.77"]
[Result "0-1"]
[White "Amilal Munkhdalai"]
[Black "Baskaran Adhiban"]
[WhiteElo "2388"]
[BlackElo "2541"]
[PlyCount "92"]

1. e4 c5 2. Nf3 d6 3. d4 cxd4 4. Nxd4 Nf6 5. f3 e5 6. Nb3 Be7 7. c4 a5 8. Be3 a4
9. Nc1 O-O 10. Nc3 Qa5 11. Qd2 Be6 12. Nd5 Nxd5 13. cxd5 Bd7 14. Bd3 Bd8 15.
Qxa5 Bxa5+ 16. Bd2 Bb6 17. Ne2 Na6 18. Bxa6 Rxa6 19. Bb4 Rc8 20. Kd2 f5 21. Rhc1
f4 22. Rxc8+ Bxc8 23. Nc3 Bd7 24. Nd1 Kf7 25. Rc1 Ke7 26. Ke1 g5 27. Nf2 Kd8 28.
a3 h5 29. h3 Bb5 30. Nd1 Bd4 31. Bc3 Bb6 32. Bb4 Kd7 33. Nc3 Be3 34. Ra1 Bc4 35.
Nd1 Bd4 36. Rc1 Bd3 37. Bc3 Bb6 38. Bb4 Ra8 39. Rc3 Bb5 40. Rc2 g4 41. Nc3 Bd3
42. Rd2 Bc4 43. fxg4 hxg4 44. hxg4 Rh8 45. Kd1 Be3 46. Nxa4 Bb3+ 0-1

[Event "World Rapid 2023"]
[Site "Samarkand UZB"]
[Date "2023.12.28"]
[EventDate "2023.12.26"]
[Round "10.78"]
[Result "1-0"]
[White "Van Foreest, Lucas"]
[Black "Grzegorz Nasuta"]
[WhiteElo "2530"]
[BlackElo "2579"]
[PlyCount "122"]

1. c4 c6 2. Nf3 d5 3. d4 Nf6 4. Nc3 e6 5. e3 Nbd7 6. Qc2 Bd6 7. b3 O-O 8. Be2 b6
9. O-O Bb7 10. Bb2 Qe7 11. e4 Nxe4 12. Nxe4 dxe4 13. Qxe4 Rad8 14. Ne5 f5 15.
Qf3 Nxe5 16. dxe5 Ba3 17. Bxa3 Qxa3 18. Rad1 Qe7 19. Qf4 c5 20. Rd6 Rxd6 21.
exd6 Qf6 22. Rd1 e5 23. Qd2 Rd8 24. b4 h6 25. Bf1 Bc6 26. bxc5 bxc5 27. Qc2 Kh7
28. Rd2 Rd7 29. Qd1 Qg6 30. g3 Qf6 31. Bg2 e4 32. Bf1 Qc3 33. Bh3 g6 34. Bf1 h5
35. Rc2 Ba4 36. Qxh5+ gxh5 37. Rxc3 Rxd6 38. Ra3 Ra6 39. Be2 Kg6 40. h4 Bb5 41.
Rxa6+ Bxa6 42. Kf1 Kf6 43. Ke1 Ke5 44. a3 Kd4 45. Bxh5 Bxc4 46. Bg6 Ke5 47. Kd2
Kf6 48. Be8 Ke7 49. Ba4 Kf6 50. Kc3 Bf7 51. Bb3 Bh5 52. Kd2 Ke5 53. Ke3 Be8 54.
Bc4 Bh5 55. Be2 Bf7 56. h5 Kf6 57. h6 Kg6 58. Bh5+ Kf6 59. Be2 Bb3 60. g4 fxg4
61. Kxe4 1-0

[Event "World Rapid 2023"]
[Site "Samarkand UZB"]
[Date "2023.12.28"]
[EventDate "2023.12.26"]
[Round "10.79"]
[Result "1/2-1/2"]
[White "Sumiya Bilguun"]
[Black "Abdimalik Abdisalimov"]
[WhiteElo "2466"]
[BlackElo "2496"]
[PlyCount "78"]

1. e4 c5 2. Nc3 d6 3. f4 g6 4. Nf3 Bg7 5. Bc4 Nc6 6. O-O e6 7. d4 cxd4 8. Nb5
Nge7 9. Bb3 O-O 10. Nbxd4 Na5 11. Be3 b6 12. Qe2 a6 13. Rad1 Qc7 14. c3 b5 15.
Qf2 Nxb3 16. axb3 e5 17. Ne2 Bb7 18. Qh4 f6 19. Ng3 a5 20. Kh1 a4 21. b4 a3 22.
fxe5 dxe5 23. bxa3 Rxa3 24. Bc5 Ra6 25. Nxe5 Qxe5 26. Rd7 Qg5 27. Qxg5 fxg5 28.
Rxb7 Rxf1+ 29. Nxf1 Nc6 30. g3 Bxc3 31. Rxb5 g4 32. Rb6 Rxb6 33. Bxb6 Bxb4 34.
Ne3 h5 35. Kg2 Kf7 36. h3 gxh3+ 37. Kxh3 Ne5 38. g4 Nxg4 39. Nxg4 hxg4+ 1/2-1/2

[Event "World Rapid 2023"]
[Site "Samarkand UZB"]
[Date "2023.12.28"]
[EventDate "2023.12.26"]
[Round "10.80"]
[Result "0-1"]
[White "Saidakbar Saydaliev"]
[Black "Jakub Kosakowski"]
[WhiteElo "2426"]
[BlackElo "2479"]
[PlyCount "86"]

1. e4 c6 2. Nf3 d5 3. Nc3 Bg4 4. h3 Bxf3 5. Qxf3 e6 6. Be2 Bc5 7. O-O Ne7 8. Rd1
Bd4 9. exd5 exd5 10. Qg4 Qb6 11. Kf1 Bf6 12. d4 O-O 13. Na4 Qd8 14. Nc5 b6 15.
Nd3 Nd7 16. c3 Re8 17. Nf4 g6 18. Bd3 Bg7 19. h4 Nf6 20. Qf3 Qd7 21. Nh3 Ne4 22.
Bf4 Nf5 23. Re1 Nxh4 24. Qd1 h6 25. f3 Nd6 26. Nf2 Rxe1+ 27. Qxe1 Re8 28. Qd2
Nhf5 29. Ng4 g5 30. Ne5 Qe6 31. Bh2 c5 32. g4 Nh4 33. Qf2 cxd4 34. cxd4 h5 35.
Bg3 hxg4 36. Nxg4 Ne4 37. fxe4 Qxg4 38. e5 Nf3 39. Be2 Qh3+ 40. Qg2 Qxg2+ 41.
Kxg2 Nxd4 42. Bh5 Nf5 43. Rf1 Ne3+ 0-1

[Event "World Rapid 2023"]
[Site "Samarkand UZB"]
[Date "2023.12.28"]
[EventDate "2023.12.26"]
[Round "10.81"]
[Result "1/2-1/2"]
[White "Benjamin Haldorsen"]
[Black "Jens Hirneise"]
[WhiteElo "2445"]
[BlackElo "2270"]
[PlyCount "64"]

1. e4 c5 2. Nf3 Nc6 3. d4 cxd4 4. Nxd4 Nf6 5. Nc3 d6 6. Bg5 g6 7. Bxf6 exf6 8.
Qd2 Bg7 9. O-O-O O-O 10. Nb3 f5 11. Bd3 a5 12. a4 Be6 13. exf5 Bxb3 14. cxb3 Nd4
15. Bc4 b5 16. Nxb5 d5 17. Nxd4 dxc4 18. fxg6 hxg6 19. bxc4 Rc8 20. Kb1 Qf6 21.
Qc2 Rfd8 22. Nb3 Rxd1+ 23. Rxd1 Rxc4 24. Qd2 Kh7 25. Nxa5 Rxa4 26. Nb3 Rb4 27.
Qc2 Rc4 28. Qe2 Re4 29. Qc2 Rc4 30. Qe2 Re4 31. Qc2 Rc4 32. Qe2 1/2-1/2

[Event "World Rapid 2023"]
[Site "Samarkand UZB"]
[Date "2023.12.28"]
[EventDate "2023.12.26"]
[Round "10.82"]
[Result "1/2-1/2"]
[White "Sergey Sklokin"]
[Black "Venkataraman Karthik"]
[WhiteElo "1780"]
[BlackElo "2609"]
[PlyCount "158"]

1. e4 c5 2. Nf3 d6 3. Be2 Nf6 4. Nc3 a6 5. d4 cxd4 6. Nxd4 e5 7. Nf3 Be7 8. O-O
Nbd7 9. Be3 Ng4 10. Nd5 Nxe3 11. Nxe3 Nf6 12. c3 O-O 13. Qc2 Qc7 14. Rad1 Be6
15. Ng5 Bd7 16. Bd3 h6 17. Nf3 b5 18. h3 Rfe8 19. Qe2 Be6 20. a3 Qb6 21. Rfe1
Nh5 22. Qc2 Bf8 23. Bf1 Nf6 24. Nh4 g6 25. Bd3 Bg7 26. Bf1 Rac8 27. Rd2 Red8 28.
Nf3 Qc6 29. Bd3 Nd7 30. Nd5 Bxd5 31. exd5 Qc5 32. Nh4 Nf8 33. Kh1 Re8 34. a4 Rb8
35. axb5 axb5 36. g4 Qxd5+ 37. Be4 Qe6 38. Red1 Qf6 39. Ng2 Red8 40. Ne3 Ne6 41.
Rxd6 Rxd6 42. Rxd6 Qh4 43. Bg2 Ng5 44. Kh2 e4 45. Rd5 Re8 46. c4 bxc4 47. Nxc4
h5 48. Qe2 Rb8 49. Qe3 Bh6 50. Qg3 Qxg3+ 51. Kxg3 Rb3+ 52. Kh2 Nf3+ 53. Bxf3
Bf4+ 54. Kh1 exf3 55. gxh5 g5 56. Nd2 Rxb2 57. Nxf3 f6 58. Nh2 Kf7 59. h6 Kg6
60. Ng4 f5 61. h7 Rb8 62. Ne3 Bxe3 63. fxe3 Rh8 64. Rd7 Rxh7 65. Rxh7 Kxh7 66.
Kg2 Kg6 67. Kg3 Kh5 68. Kf3 Kh6 69. e4 f4 70. Kg4 Kg6 71. h4 gxh4 72. Kxh4 Kf6
73. Kg4 Ke5 74. Kf3 Ke6 75. Kxf4 Kf6 76. e5+ Ke6 77. Ke4 Ke7 78. Kd3 Ke6 79. Ke3
Kxe5 1/2-1/2

[Event "World Rapid 2023"]
[Site "Samarkand UZB"]
[Date "2023.12.28"]
[EventDate "2023.12.26"]
[Round "10.83"]
[Result "0-1"]
[White "Mergen Kakabayev"]
[Black "Denis Khismatullin"]
[WhiteElo "2266"]
[BlackElo "2579"]
[PlyCount "76"]

1. e4 c5 2. Nf3 e6 3. d4 cxd4 4. Nxd4 a6 5. Bd3 Bc5 6. Nb3 Be7 7. O-O Nc6 8. c4
Nf6 9. Nc3 Ne5 10. f4 Nxd3 11. Qxd3 O-O 12. Kh1 d6 13. Be3 b5 14. cxb5 axb5 15.
Nxb5 Bb7 16. Nd2 Qd7 17. a4 Bc6 18. b3 Qb7 19. Nc3 d5 20. e5 d4 21. exf6 Bxg2+
22. Kg1 Bxf6 23. Rf2 dxe3 24. Qxe3 Rfd8 25. Nf3 Bxf3 26. Qxf3 Qb6 27. a5 Qb4 28.
Rc2 Qxb3 29. Raa2 Rxa5 30. Rab2 Qc4 31. Kg2 Bxc3 32. Rxc3 Qd5 33. Qxd5 Raxd5 34.
Rb7 h5 35. Rcc7 Rd2+ 36. Kg1 Ra2 37. Rd7 Rxd7 38. Rxd7 Ra4 0-1

[Event "World Rapid 2023"]
[Site "Samarkand UZB"]
[Date "2023.12.28"]
[EventDate "2023.12.26"]
[Round "10.84"]
[Result "1-0"]
[White "Chithambaram VR Aravindh"]
[Black "Lev Zverev"]
[WhiteElo "2646"]
[BlackElo "2343"]
[PlyCount "100"]

1. b3 d5 2. Bb2 Nf6 3. Nf3 Bf5 4. g3 e6 5. Bg2 Bd6 6. d3 O-O 7. Nbd2 Nbd7 8. Nh4
Bg4 9. h3 Bh5 10. g4 Bg6 11. e3 c6 12. f4 Re8 13. O-O h6 14. Nxg6 fxg6 15. e4
dxe4 16. dxe4 g5 17. e5 Bc5+ 18. Kh1 Nd5 19. f5 Ne3 20. Qe2 Nxf1 21. Rxf1 exf5
22. gxf5 Kh8 23. Ne4 Bf8 24. e6 Nf6 25. Bxf6 gxf6 26. Rd1 Qa5 27. Nxf6 Qxf5 28.
Nxe8 Rxe8 29. Rf1 Qg6 30. Qe3 a6 31. c4 Bg7 32. Re1 Re7 33. c5 a5 34. Bf1 g4 35.
hxg4 Qxg4 36. Bh3 Qh5 37. Rf1 Qd5+ 38. Rf3 Qd1+ 39. Kg2 Qd5 40. Qf4 Re8 41. Qd6
Qe4 42. Bf5 Qe2+ 43. Rf2 Qe3 44. Qd2 Qxc5 45. Bg6 Rg8 46. Rf7 Ra8 47. e7 Qb6 48.
Rf8+ Rxf8 49. exf8=Q+ Bxf8 50. Qd7 1-0

[Event "World Rapid 2023"]
[Site "Samarkand UZB"]
[Date "2023.12.28"]
[EventDate "2023.12.26"]
[Round "10.85"]
[Result "0-1"]
[White "Tigran K Harutyunyan"]
[Black "Mikhail Markov"]
[WhiteElo "2519"]
[BlackElo "2283"]
[PlyCount "98"]

1. Nf3 Nf6 2. g3 d5 3. Bg2 e6 4. c4 Be7 5. d4 O-O 6. Nc3 Nbd7 7. O-O dxc4 8. Qc2
c6 9. a4 Nd5 10. Nd2 Nb4 11. Qd1 e5 12. e3 exd4 13. exd4 Nf6 14. Nxc4 Bf5 15.
Ne3 Bd3 16. Re1 Re8 17. d5 Bc5 18. dxc6 bxc6 19. Qf3 Qc7 20. Rd1 Rad8 21. Bd2
Nc2 22. Rac1 Nd4 23. Qf4 Qxf4 24. gxf4 Nb3 25. Bxc6 Re6 26. Bf3 Red6 27. Be1
Nxc1 28. Rxc1 Bb6 29. Nb5 Re6 30. Kg2 a6 31. Nc7 Red6 32. a5 Bd4 33. b4 Rc8 34.
Bb7 Bxe3 35. fxe3 Be4+ 36. Bxe4 Nxe4 37. Rc4 f5 38. b5 axb5 39. Rxe4 fxe4 40.
Nxb5 Rc2+ 41. Kh3 Rd1 42. Bg3 Rc5 43. Nd4 Rxa5 44. Ne6 h6 45. Kg4 Kf7 46. f5 g6
47. Nd4 gxf5+ 48. Nxf5 h5+ 49. Kg5 Ke6 0-1

[Event "World Rapid 2023"]
[Site "Samarkand UZB"]
[Date "2023.12.28"]
[EventDate "2023.12.26"]
[Round "10.86"]
[Result "1-0"]
[White "Zhandos Agmanov"]
[Black "Sumiya Chinguun"]
[WhiteElo "2460"]
[BlackElo "2319"]
[PlyCount "88"]

1. e4 c5 2. Nf3 Nc6 3. Bb5 g6 4. O-O Bg7 5. Re1 e5 6. Bxc6 dxc6 7. d3 Qe7 8. a4
Nf6 9. a5 O-O 10. Be3 c4 11. h3 Rd8 12. Nc3 Ne8 13. Qb1 cxd3 14. cxd3 Nc7 15. b4
Ne6 16. Na4 Nf4 17. Nc5 Ne6 18. Rd1 Nd4 19. Nxd4 exd4 20. Bf4 Be6 21. Qc1 Rdc8
22. Bh6 Bf6 23. e5 Bxe5 24. Re1 Bf6 25. Qf4 Re8 26. Nxb7 Reb8 27. a6 Bh8 28.
Rab1 Qf6 29. Qg3 Qf5 30. Bf4 Rf8 31. Be5 Bxe5 32. Rxe5 Qf6 33. Rbe1 Rac8 34. Nc5
Bf5 35. Qf4 Rfd8 36. g4 Qh4 37. Qg3 Qxg3+ 38. fxg3 Bd7 39. Re7 Be6 40. Rxa7 Rb8
41. Rb7 Ra8 42. Nxe6 fxe6 43. a7 Re8 44. Re5 Kf8 1-0

[Event "World Rapid 2023"]
[Site "Samarkand UZB"]
[Date "2023.12.28"]
[EventDate "2023.12.26"]
[Round "10.87"]
[Result "1-0"]
[White "Aldiyar Ansat"]
[Black "Almas Rakhmatullaev"]
[WhiteElo "2434"]
[BlackElo "2383"]
[PlyCount "74"]

1. Nf3 Nf6 2. g3 d5 3. Bg2 e6 4. O-O Be7 5. b3 O-O 6. c4 c6 7. Bb2 Nbd7 8. Nc3
b6 9. d4 Bb7 10. Rc1 Rc8 11. Qd3 Re8 12. e4 c5 13. exd5 exd5 14. cxd5 Nxd5 15.
Rcd1 Nxc3 16. Bxc3 c4 17. bxc4 Ba6 18. Rfe1 Bxc4 19. Qd2 Bd5 20. Bb4 Nf6 21.
Bxe7 Rxe7 22. Rxe7 Qxe7 23. Ne5 Qa3 24. Bxd5 Nxd5 25. Re1 f6 26. Nd3 Qd6 27. a4
a5 28. Qe2 Nc3 29. Qg4 Rd8 30. Nf4 Qd7 31. Qh5 g6 32. Qf3 Qxd4 33. Qc6 Nd5 34.
Re8+ Kf7 35. Qe6+ Kg7 36. Qg8+ Kh6 37. Qf8+ 1-0

[Event "World Rapid 2023"]
[Site "Samarkand UZB"]
[Date "2023.12.28"]
[EventDate "2023.12.26"]
[Round "10.88"]
[Result "0-1"]
[White "Eldiar Orozbaev"]
[Black "Daler Vakhidov"]
[WhiteElo "2305"]
[BlackElo "2175"]
[PlyCount "54"]

1. e4 c5 2. Nf3 g6 3. d4 cxd4 4. Qxd4 Nf6 5. e5 Nc6 6. Qa4 Nd5 7. Qb3 Nc7 8. Bc4
Ne6 9. Nc3 Bg7 10. Bxe6 dxe6 11. Bf4 O-O 12. O-O Nd4 13. Nxd4 Qxd4 14. Bg3 b6
15. Rfd1 Qc5 16. Qb5 Qc7 17. Rd4 Rd8 18. Rad1 Rxd4 19. Rxd4 Bb7 20. Qd7 Qc6 21.
f3 b5 22. Bf4 Qb6 23. Ne2 Bf8 24. a4 Bc6 25. a5 Qa6 26. Qc7 Rc8 27. Rd8 Rxc7 0-1

[Event "World Rapid 2023"]
[Site "Samarkand UZB"]
[Date "2023.12.28"]
[EventDate "2023.12.26"]
[Round "10.89"]
[Result "1-0"]
[White "Akmal Fayzullaev"]
[Black "David Akhmedov"]
[WhiteElo "2367"]
[BlackElo "2244"]
[PlyCount "80"]

1. d4 Nf6 2. c4 e6 3. Nc3 Bb4 4. Nf3 O-O 5. Bg5 h6 6. Bh4 d5 7. e3 c6 8. Bd3
Nbd7 9. O-O Be7 10. a3 a6 11. b4 Re8 12. Qb3 Qc7 13. Rfc1 Qb8 14. a4 b6 15. b5
dxc4 16. Bxc4 cxb5 17. axb5 a5 18. Na4 Bd6 19. Bg3 Bxg3 20. hxg3 Bb7 21. Be2 Ne4
22. Qb2 Qd6 23. Ne5 Ndf6 24. Nc4 Qb8 25. Naxb6 Ra7 26. Bf3 g5 27. Nxa5 g4 28.
Bxe4 Bxe4 29. Nc6 Qxb6 30. Nxa7 Nh7 31. Nc8 Qb8 32. Qc3 Ng5 33. Qc7 Qxb5 34. Nd6
Qe2 35. Ra5 Nh3+ 36. gxh3 Qf3 37. Qxf7+ Qxf7 38. Nxf7 Kxf7 39. hxg4 Rb8 40. f3
Bd3 1-0

[Event "World Rapid 2023"]
[Site "Samarkand UZB"]
[Date "2023.12.28"]
[EventDate "2023.12.26"]
[Round "10.90"]
[Result "0-1"]
[White "Kanan Garayev"]
[Black "Roman Shogdzhiev"]
[WhiteElo "2356"]
[BlackElo "1901"]
[PlyCount "118"]

1. d4 d5 2. Nf3 Nf6 3. c3 e6 4. Bf4 Bd6 5. e3 O-O 6. Nbd2 c5 7. Bg3 Nc6 8. Bb5
Ne7 9. Bd3 Qc7 10. Ne5 Ng6 11. f4 b6 12. h4 Ne7 13. h5 Nd7 14. Qg4 Nf5 15. Bf2
cxd4 16. cxd4 f6 17. h6 Nxe5 18. fxe5 fxe5 19. e4 dxe4 20. Qxe4 Bb7 21. Qg4 g6
22. O-O exd4 23. Bc4 Bd5 24. Bxd5 exd5 25. Nf3 Rae8 26. Rfe1 Nxh6 27. Qxd4 Qc4
28. Rxe8 Rxe8 29. Rd1 Qxd4 30. Rxd4 Rd8 31. g4 Bc5 32. Ra4 b5 33. Rf4 Bd6 34.
Rd4 Bc5 35. Rf4 Bxf2+ 36. Kxf2 Nf7 37. Ke3 Rc8 38. Rd4 Rd8 39. Rb4 a6 40. Kd4
Kf8 41. Kc5 Ke7 42. Nd4 Ne5 43. Rb3 Rc8+ 44. Kxd5 Nxg4 45. Nc6+ Kf7 46. Ra3 Nf6+
47. Kd6 g5 48. Rxa6 g4 49. Ra7+ Kf8 50. Ne5 Kg8 51. Ke6 Rf8 52. Nf7 Kg7 53. Nd6+
Kg6 54. Ke7 Rg8 55. Ke6 g3 56. Nf5 Re8+ 57. Ne7+ Rxe7+ 58. Kxe7 g2 59. Kf8 Nh5 0-1

[Event "World Rapid 2023"]
[Site "Samarkand UZB"]
[Date "2023.12.28"]
[EventDate "2023.12.26"]
[Round "10.91"]
[Result "1/2-1/2"]
[White "Timur Yonal"]
[Black "Gallego Alcaraz, Andres Felipe"]
[WhiteElo "2003"]
[BlackElo "2486"]
[PlyCount "86"]

1. e4 e6 2. d4 d5 3. Nd2 Nf6 4. e5 Nfd7 5. f4 c5 6. c3 Nc6 7. Ndf3 a5 8. Bd3 a4
9. a3 Nb6 10. Ne2 Na5 11. Rb1 Nb3 12. Be3 Nc4 13. Bf2 cxd4 14. Nexd4 Nc5 15. Bc2
Bd7 16. O-O Be7 17. f5 Ne4 18. fxe6 fxe6 19. Bxe4 dxe4 20. Nd2 Nxe5 21. Bg3 Nf7
22. Nxe4 O-O 23. Qe2 Qb6 24. Bf2 Qa6 25. Qe3 e5 26. Nf3 Bb5 27. Rfe1 Rad8 28.
Nc5 Qc6 29. Rbd1 Bf6 30. Ne4 Be7 31. Nc5 Bf6 32. Ne4 Be7 33. Nc5 Rxd1 34. Rxd1
Bxc5 35. Qxc5 e4 36. Qxc6 Bxc6 37. Nd4 Ne5 38. Nxc6 bxc6 39. Rd4 Nd3 40. Be3 Ne5
41. Bf2 Ng4 42. Bg3 Ne3 43. Bf2 1/2-1/2

[Event "World Rapid 2023"]
[Site "Samarkand UZB"]
[Date "2023.12.28"]
[EventDate "2023.12.26"]
[Round "10.68"]
[Result "1/2-1/2"]
[White "Rinat Jumabayev"]
[Black "Rojas Salas, Steven"]
[WhiteElo "2598"]
[BlackElo "2172"]
[PlyCount "218"]

1. e4 c5 2. Nf3 e6 3. c3 d5 4. e5 d4 5. d3 Bd7 6. g3 dxc3 7. bxc3 Ne7 8. Bg2 Bb5
9. c4 Bc6 10. O-O Qc7 11. Re1 Nf5 12. Nc3 Be7 13. Bf4 O-O 14. h4 h6 15. h5 Rd8
16. Rb1 Na6 17. Qe2 Rd7 18. Nd5 Qd8 19. g4 Nh4 20. Nxe7+ Qxe7 21. Nxh4 Qxh4 22.
Bg3 Qd8 23. Bxc6 bxc6 24. Rb3 Rb8 25. Rxb8 Nxb8 26. Rd1 Na6 27. a3 Rb7 28. Bf4
Rb3 29. Bc1 Qd4 30. Kg2 Nb8 31. Be3 Qxe5 32. Qf3 Nd7 33. Qxc6 Nf6 34. Kh3 Rxa3
35. Qc8+ Kh7 36. Qxc5 Qb2 37. g5 hxg5 38. Qxg5 Qe2 39. h6 Qf3+ 40. Qg3 Qh5+ 41.
Kg2 g6 42. Qf3 Qf5 43. Qxf5 gxf5 44. f3 Nd7 45. Bf4 Nc5 46. d4 Nd3 47. Bg5 Rc3
48. c5 a5 49. Ra1 Rc4 50. Rxa5 Rxd4 51. Ra7 Kg6 52. Be3 Rc4 53. Rd7 f4 54. Rxd3
fxe3 55. Rxe3 Rxc5 56. Kg3 Kxh6 57. Ra3 Kg6 58. Ra4 Rg5+ 59. Kf2 Rb5 60. Kg3 Kf6
61. Rc4 Rg5+ 62. Kf2 Ra5 63. Kg3 Kf5 64. Rf4+ Kg6 65. Rb4 Rh5 66. Ra4 Rd5 67.
Rb4 e5 68. Rg4+ Kf5 69. Rg7 Ke6 70. Rg8 Rd3 71. Kf2 Kf5 72. Ke2 Ra3 73. Kf2 Ra4
74. Rg7 Ke6 75. Rg8 Ra2+ 76. Kg3 f5 77. Re8+ Kd5 78. Rd8+ Kc4 79. Rd7 Kc5 80.
Rd8 Rb2 81. Rd7 Ra2 82. Rd8 Kc6 83. Rd1 Kc5 84. Rd8 Re2 85. Rd7 Kc4 86. Rd8 Kc3
87. Rd5 Kc4 88. Rd8 Rb2 89. Rd7 Rc2 90. Rd8 Kc3 91. Rd5 Re2 92. f4 e4 93. Rxf5
Ra2 94. Rd5 Rd2 95. Re5 Kd3 96. f5 e3 97. f6 Rf2 98. Re6 Rf1 99. Kg4 e2 100. Kg5
Rg1+ 101. Kh6 Rg3 102. f7 Rf3 103. Kg7 Rg3+ 104. Kh7 Rf3 105. Kg7 Rg3+ 106. Kh7
Rf3 107. Kg7 Rg3+ 108. Kh7 Rf3 109. Kg7 1/2-1/2